000 00294nam a22001337a 4500
008 170914b xxu||||| |||| 00| 0 eng d
020 _a0517663031
041 _aeng
080 _a7
100 _a44
101 _aART
245 _aTHE PAINTING AND DRAWING COURSE
_cSMITH, S
942 _2udc
_cBK
999 _c27545
_d27545